Scientific management; (Record no. 164440)

MARC details
000 -LEADER
fixed length control field 00831cam a2200229 4500
008 - FIXED-LENGTH DATA ELEMENTS--GENERAL INFORMATION
fixed length control field
049 ## - LOCAL HOLDINGS (OCLC)
Holding library MAIN
090 ## - LOCALLY ASSIGNED LC-TYPE CALL NUMBER (OCLC); LOCAL CALL NUMBER (RLIN)
Classification number (OCLC) (R) ; Classification number, CALL (RLIN) (NR) T56.25 SCI
003 - CONTROL NUMBER IDENTIFIER
control field
005 - DATE AND TIME OF LATEST TRANSACTION
control field 20230123134343.0
040 ## - CATALOGING SOURCE
Transcribing agency NUST
100 10 - MAIN ENTRY--PERSONAL NAME
Personal name Thompson, Clarence Bertrand
245 10 - TITLE STATEMENT
Title Scientific management;
Remainder of title a collection of the more significant articles describing the Taylor system of management,
Statement of responsibility, etc. ed. by Clarence Bertrand Thompson ...
260 0# - PUBLICATION, DISTRIBUTION, ETC.
Place of publication, distribution, etc. London:
Name of publisher, distributor, etc. Routledge/Thoemmes]
Date of publication, distribution, etc. 1993.
300 ## - PHYSICAL DESCRIPTION
Extent xii, 878 p.
Other physical details ill., forms (part fold.)
Dimensions 24 cm.
504 ## - BIBLIOGRAPHY, ETC. NOTE
Bibliography, etc. note "Bibliography of scientific management": p. [861]-878.
500 ## - GENERAL NOTE
General note A reprint of the 1914 edition.
650 #0 - SUBJECT ADDED ENTRY--TOPICAL TERM
Topical term or geographic name entry element Industrial efficiency.
600 10 - SUBJECT ADDED ENTRY--PERSONAL NAME
Personal name Taylor, Frederick Winslow
907 ## - LOCAL DATA ELEMENT G, LDG (RLIN)
a .b10227519
b 26-01-07
c 26-01-07
942 ## - ADDED ENTRY ELEMENTS (KOHA)
Koha item type Ordinary Loan Books
Call number prefix T56.25 SCI
Holdings
Date last seen Total Checkouts Full call number Barcode Cost, replacement price Price effective from Koha item type Lost status Source of classification or shelving scheme Damaged status Not for loan Collection Withdrawn status Home library Current library Shelving location Date acquired Cost, normal purchase price
01/23/2023 2 T56.25 SCI 92003016309 80.00 01/23/2023 BOOKS   LCC     NFIC   MAIN MAIN GEN 01/23/2023 80.00